Problème mathématiques - Statistiques

Statistiques générales
  • Ce quiz a été pris 34 fois
  • Le résultat moyen est 4 sur 10
Statistiques - réponses
Hint Réponse % Correct
3) Lors d'un trajet en voiture le GPS annonce 2h20 restante pour 117Km, arrondi au Km/h près, quelle sera ma vitesse moyenne ? 50
69%
2) Si je me déplace à 130Km/h et qu'une voiture situé 300m devant moi se déplace à 127Km/h, combien de secondes me faudrait-il pour la rattraper ? 360
59%
6) Combien de secondes comprends une année non bissextile ? 31536000
52%
7) Quel est le plus grand commun diviseur entre 2520 et 390 ? 30
48%
4) On rempli un cube d'un tier de son volume avec 19440 sceaux de 100L, quelle est la hauteur du cube en mètre ? 18
45%
8) L'IMC se calcule avec la masse en Kg diviser par la taille au carré en m, quelle masse fait un homme de 1m80 si son IMC est de 30 arrondi au Kg près ? 97
41%
5) Quel est le prochain nombre de cette suite logique : "2584, 4181, 6765, 10946, X" ? 17711
38%
10) Quel est la distance en mètre de l'arc de cercle correspondant à un angle d'une minute pour un cercle dont la circonférence est de 21600Km ? 1000
21%
1) Combien de combinaison de lettres sont possibles avec le mot "fenêtre" ? 2520
17%
9) Une nouvelle maladie touche une personne sur 10000, un test détecté à 99% si tu es malade et si tu ne l'es pas. Il est utilisé sur un million de personnes. Quelle est la différence entre le vrai nombre de malade et le nombre que va annoncer le test ? 9899
3%
Aucun quiz correspondant
Distribution des résultats
% des personnes avec chaque résultat
Percentile par nombre de réponses
Votre historique - résultats
Vous n’avez pas pris ce quiz